| 000 | 00446cam a2200181 4500 | ||
|---|---|---|---|
| 001 | D12067 | ||
| 008 | 090401t1919 xxu||||| |||| 00| 0 eng d | ||
| 035 | _a(Sirsi) u1048 | ||
| 041 | _aeng | ||
| 100 | _aBall, John | ||
| 245 | 2 | _aA Handbook of the prismatic astrolabe | |
| 260 |
_aCairo _bGovernment of Egypt Publications Office _c1919 |
||
| 350 | _a0 | ||
| 520 | _aShelf 176 | ||
| 700 | _aKnox-Shaw, H. | ||
| 942 | _n0 | ||
| 948 | _c04/03/1997 | ||
| 999 |
_c85618 _d85618 |
||